[Event "Naval CC 31st"]
[Site "Brazil"]
[Date "1995.??.??"]
[Round "6"]
[White "Barros, Sergio"]
[Black "Silva, Marcelo dos Santos"]
[Result "1-0"]
[WhiteElo "1710"]
[BlackElo "1730"]
[PlyCount "61"]
[EventDate "1995.??.??"]
[EventType "swiss"]
[EventRounds "7"]
[EventCountry "BRA"]
[SourceTitle "EXT 2005"]
[Source "ChessBase"]
[SourceDate "2004.11.15"]
[SourceVersion "1"]
[SourceVersionDate "2004.11.15"]
[SourceQuality "1"]

1. e4 e6 2. d4 d5 3. e5 c5 4. c3 Nc6 5. Nf3 Qb6 6. Be2 Nge7 7. dxc5 Qc7 8. Bf4 Ng6 9. Bg3 Bxc5 10. Bb5 Bd7 11. Bxc6 bxc6 12. 0-0 a5 13. Nbd2 0-0 14. Nb3 Ba7 15. Qc2 c5 16. a4 Rab8 17. Nc1 c4 18. Ne2 Rb7 19. Ned4 Rfb8 20. Rab1 Qd8 21. h4 Qe8 22. h5 Nf8 23. Nh2 Bxa4 24. Qd2 Nd7 25. Ng4 Nc5 26. Qg5 Kh8 27. h6 Qf8 28. Qc1 Nd3 29. Qe3 Bd7 30. Bh4 g6 31. Bf6+ 1-0